[Event "6th Dubai Open"]
[Site "Dubai"]
[Date "2004.04.27"]
[Round "9"]
[White "Dzhumaev, Marat"]
[Black "Gleizerov, Evgeny"]
[Result "1/2-1/2"]
[WhiteElo "2512"]
[BlackElo "2592"]
[PlyCount "157"]
[EventDate "2004.04.19"]
[Source "Roberto Alvarez"]
[SourceDate "2004.05.03"]

1. e4 e6 2. d3 c5 3. Nd2 Nc6 4. g3 g6 5. Bg2 Bg7 6. f4 d6 7. Ngf3 Nge7 8. O-O O-O 9. c3 Rb8 10. Nb3 b6 11. Qe2 a5 12. a4 Ba6 13. Be3 b5 14. axb5 Rxb5 15. Qc2 Qb8 16. Nfd2 Rc8 17. Bf2 Rc7 18. Ra3 Bc8 19. Rfa1 Rcb7 20. Qd1 e5 21. fxe5 Bxe5 22. d4 cxd4 23. cxd4 Bg7 24. d5 Ne5 25. Nxa5 Rc7 26. Nab3 Bb7 27. Qf1 Rb4 28. Ra4 Rxa4 29. Rxa4 Qc8 30. Qb5 h5 31. h3 Bh6 32. Nf1 Bg7 33. Nd4 Kh7 34. Ra1 Rc5 35. Qe2 Rc4 36. Nd2 Rb4 37. Nf1 Rc4 38. Qd2 Ng8 39. Ra7 Nf6 40. b3 Rc1 41. Rxb7 Rxf1+ 42. Kxf1 Qxb7 43. Qe2 Nfd7 44. Be3 Qa8 45. Qd1 Qa2 46. Kg1 Nc5 47. Nb5 Qa6 48. Nd4 Qa5 49. Qd2 Qa1+ 50. Kh2 Qb1 51. b4 Nc4 52. Qf2 Nd3 53. Qxf7 Nde5 54. Qf2 Nd3 55. Qc2 Qe1 56. Qxc4 Qxe3 57. Nf3 Ne5 58. Qf1 Qb3 59. Ng5+ Kg8 60. Qb5 h4 61. Qe8+ Bf8 62. Qe6+ Kg7 63. gxh4 Qe3 64. Qc8 Be7 65. Qc7 Kf6 66. Nh7+ Kf7 67. Ng5+ Kf6 68. Qc8 Kg7 69. Ne6+ Kf7 70. Qh8 Qf2 71. Kh1 Qe1+ 72. Kh2 Qf2 73. Kh1 Qe1+ 74. Kh2 Qf2 75. Kh1 Qe1+ 76. Kh2 Qf2 77. Kh1 Qe1+ 78. Kh2 Qf2 79. Kh1 1/2-1/2

[Event "Moscow 5'"]
[Site "Moscow RUS"]
[Date "1972.??.??"]
[Round "?"]
[White "Bronstein, David I"]
[Black "Vaganian, Rafael A"]
[Result "0-1"]
[WhiteElo "2585"]
[BlackElo "2510"]
[PlyCount "118"]
[EventDate "1972.??.??"]
[Source "www.chesslib.no"]
[SourceDate "2004.05.04"]

1. e4 e6 2. d3 d5 3. Qe2 Nf6 4. Nf3 Nc6 5. e5 Nd7 6. Bf4 f6 7. d4 fxe5 8. dxe5 Be7 9. Bg3 O-O 10. Nbd2 Nb4 11. Nb3 c5 12. c3 Nc6 13. Qe3 Qc7 14. Nbd2 b6 15. Bd3 a5 16. a4 Ba6 17. Bxa6 Rxa6 18. O-O Raa8 19. c4 d4 20. Qe2 Rf5 21. Rfe1 Raf8 22. Qe4 Nb4 23. b3 Qc6 24. Qxc6 Nxc6 25. Re4 Bd8 26. Rae1 h6 27. R1e2 g5 28. Ne1 h5 29. f3 Bc7 30. Nd3 h4 31. Be1 Ndxe5 32. Nxe5 Nxe5 33. h3 Kf7 34. Nf1 Re8 35. Bd2 Nd3 36. Nh2 Bxh2+ 37. Kxh2 e5 38. Kg1 Kf6 39. Kf1 Nf4 40. Bxf4 Rxf4 41. Ke1 Rxe4 42. Rxe4 Rd8 43. Kd2 Rd6 44. Kd3 Kf5 45. Rg4 Re6 46. Re4 Re8 47. Kd2 Rd8 48. Kd3 Rd6 49. Rg4 e4+ 50. Rxe4 Re6 51. Rxe6 Kxe6 52. Ke4 Kf6 53. f4 Kg6 54. fxg5 Kxg5 55. Kf3 Kf5 56. g3 hxg3 57. Kxg3 Kg5 58. Kf3 Kh4 59. Kf4 Kxh3 0-1

[Event "It (Open) INT"]
[Site "?"]
[Date "2006.05.06"]
[Round "?"]
[White "Kokarev Dmitry"]
[Black "Vysochin Spartak"]
[Result "1/2-1/2"]
[WhiteElo "2536"]
[BlackElo "2555"]
[PlyCount "127"]
[EventDate "2006.??.??"]
[Source "www.chesslib.no"]
[SourceDate "2004.05.04"]

1. e4 e6 2. d3 d5 3. Nd2 Nf6 4. Ngf3 Nc6 5. c3 a5 6. e5 Nd7 7. d4 f6 8. exf6 Qxf6 9. Bb5 e5 10. dxe5 Ndxe5 11. O-O Bd6 12. Nxe5 Bxe5 13. Nf3 O-O 14. Bg5 Qd6 15. Nxe5 Qxe5 16. Bh4 Qf5 17. Bg3 Qf7 18. Qd2 Bf5 19. Rad1 Rad8 20. Rfe1 h6 21. Bxc6 bxc6 22. Qd4 Rfe8 23. f3 Rxe1+ 24. Rxe1 Re8 25. Rxe8+ Qxe8 26. Kf2 Qe7 27. Qa7 Bd3 28. Qe3 Qxe3+ 29. Kxe3 Bb1 30. a3 a4 31. Bxc7 Ba2 32. Kd4 Bc4 33. Kc5 Bb5 34. Kb4 Kf7 35. Be5 g5 36. c4 dxc4 37. Bc3 Ke6 38. Kc5 Kf5 39. Kd4 h5 40. h3 g4 41. fxg4+ hxg4 42. h4 g3 43. Ke3 Kg4 44. Bf6 Ba6 45. h5 Kxh5 46. Kf4 Kg6 47. Bc3 Bb5 48. Kxg3 c5 49. Kf4 Bc6 50. g3 Bg2 51. Bd2 Bd5 52. Be3 Be6 53. Bxc5 Bf5 54. Bd4 Bc2 55. Bc3 Bb3 56. Be1 Bc2 57. Ke3 Bb3 58. g4 Kg5 59. Kf3 Bd1+ 60. Ke3 Bxg4 61. Kd4 Bd1 62. Kxc4 Bb3+ 63. Kc3 Kf5 64. Bd2 1/2-1/2